| 000 | 00574nam a22001817a 4500 | ||
|---|---|---|---|
| 005 | 20250306163853.0 | ||
| 010 | _aENG-143980 | ||
| 020 |
_a9781615993574 _c2745.00 |
||
| 035 | _aEN-127512 | ||
| 037 | _bDBAD | ||
| 082 | _a881.08 | ||
| 100 |
_aMukhopadhyaya, Ramesh Chandra _979356 |
||
| 245 |
_aK.V. Dominic Criticism and Commentary/ _cby Ramesh Chandra Mukhopadhyaya |
||
| 260 |
_aAnn Arbor _bModern history press, _c2017 |
||
| 270 |
_a5145 Pontiac trail _bAnn Arbor _eMI-48105 |
||
| 300 |
_aix, 86p.: _c27cm(pb) _bill |
||
| 942 |
_2ddc _cEN _h881.08 _mMUK |
||
| 999 |
_c210140 _d210140 |
||